| 000 | 00793nam a2200217Ia 4500 | ||
|---|---|---|---|
| 003 | GCL | ||
| 008 | 140319s9999 xx 000 0 ara d | ||
| 040 |
_aGCL / _cGCL |
||
| 082 | 0 | 4 |
_a245.7 _bا ك |
| 100 | 1 | _aالاشعرى، ابوالحسن على بن اسما | |
| 245 | 1 | 0 |
_aكتاب مقالات الاسلاميين واختلاف المصلين / _cالاشعرى، ابوالحسن على بن اسما |
| 700 | 1 | _aريتير هلموت ( تصحيح ) | |
| 260 |
_a[S.N] : _bفرانز شتاينر بفيسبادن ، _c1963 |
||
| 300 | _a688 ص | ||
| 490 |
_aالنشرات الاسلامية _v0 |
||
| 650 | 0 | 4 | _aالشريعة الاسلامية |
| 650 | 0 | 4 | _aالفقه الاسلامى |
| 650 | 0 | 4 | _aالاشاعرة |
| 650 | 0 | 4 | _aعلم الكلام |
| 942 |
_2ddc _cBK |
||
| 999 |
_c35173 _d35173 |
||